000 00666nam a2200229 a 4500
999 _c1083
_d1083
003 PK-NaQUE
005 20250815094830.0
008 250815b ||||| |||| 00| 0 eng d
020 _a0835967506 (paperback)
020 _a9780835967501 (paperback)
040 _cQUEST
082 _a621.31042RIC
100 1 _aRichardson, Donald V.
245 1 0 _aRotating Electric Machinery and Transformer Technology
250 _a2nd ed.
260 _aVirginia
_bReston pub.
_c1982.
300 _axv,625 p.
650 _aElectric machinery
650 _aElectric transformers
856 4 0 _uhttp://10.10.170.122:8080/browse/book/28124
_yDownload eBook
942 _cBK
_2ddc